LEADER 01369nam a2200289 u 4500 001 000000019177 003 CaOOAMICUS 005 20070226110746.0 008 941228s1994 gw afh u000 u fre u 020 $a3402040565 035 $a10459766 040 $aPUL$bita 100 1 $aPalazzo, Eric.$0(OLS)http://pul/name/16868 245 14$aLes sacramentaires de Fulda :$bétude sur l'iconographie et la liturgie à l'époque ottonienne /$cEric Palazzo. 260 $aMünster :$bAschendorff,$cc1994. 300 $axix, 260 p., [80] p. de pl. :$bill., fac-sim. ;$c23 cm 490 1 $aLiturgiewissenschaftliche Quellen und Forschungen ;$v77 500 $a"Ce livre est la version remaniée de ma thèse de doctorat soutenue à l'Université de Paris X-Nanterre le 16 février 1990". 504 $aBibliographie: p. [x]-xvi. 830 0$aLiturgiewissenschaftliche Quellen und Forschungen ;$v77.$0(OLS)http://pul/title/953 850 $aPUL 852 $aPUL$W1$xDP2 Religione 1$y63$m11 R 77$j27011$nBK-PRI$b $qStampati$B27011$CPULBib$Z2$F27011 $81 941 1 $a8 961 $aINV: 88082 996 $6020$a3402040565$9(OLS)http://pul/number/24466 996 $6245$aLes sacramentaires de Fulda :$bétude sur l'iconographie et la liturgie à l'époque ottonienne$9(OLS)http://pul/title/27165 996 $6260$aMünster :$bAschendorff$9(OLS)http://pul/publisher/48290 LEADER 01294nam a2200289 u 4500 001 000000052684 003 CaOOAMICUS 005 20070226115457.0 008 001023s1955 vc u000 u ita u 035 $a10859163 040 $aPUL(R)$bita 110 1 $aSanta Sede.$0(OLS)http://pul/name/987 240 10$aTrattati, ecc.$9(Santa Sede).$gItalia,$811 feb. 1929.$0(OLS)http://pul/title/32242 245 10$aConvenzioni ed accordi fra il Vaticano e l'Italia. 260 $aCittà del Vaticano :$bTip. poliglotta Vaticana,$c1955. 300 $av. <2 > ;$c24 cm 500 $aComprende indici. 505 1 $aVol. 2. Dal 1. gennaio 1946 al 31 dicembre 1954. 650 4$aConcordati$zItalia$y1929$xRevisione.$0(OLS)http://pul/subject/962 650 4$aChiesa e stato.$0(OLS)http://pul/subject/960 710 1 $aItalia$tTrattati, ecc.$9(Italia)$gSanta Sede.$0(OLS)http://pul/name/37573 850 $aPUL 852 $aPUL$W1$xDP1 Fondo Ciprotti$y59$m1543 E 22$j69620$nBK-PRI$b $qFondi$B69620$CPULBib$Z2$F69620 $H $81 941 1 $a1 960 $aStato e Chiesa$9960 996 $6245$aConvenzioni ed accordi fra il Vaticano e l'Italia$9(OLS)http://pul/title/70644 996 $6260$aCittà del Vaticano :$bTip. poliglotta Vaticana$9(OLS)http://pul/publisher/48561